Online katalóg knižníc regiónu Turca

Jar (Record no. 22704)

MARC details
000 -LEADER
fixed length control field 00461nam a2200205 a 4500
001 - CONTROL NUMBER
control field 22704
003 - CONTROL NUMBER IDENTIFIER
control field SK-KTurca
005 - DATE AND TIME OF LATEST TRANSACTION
control field 20260421143522.0
008 - FIXED-LENGTH DATA ELEMENTS--GENERAL INFORMATION
fixed length control field 080129s1973 xo 000 0 slo d
035 ## - SYSTEM CONTROL NUMBER
System control number a000387072
040 ## - CATALOGING SOURCE
Original cataloging agency UKB
Language of cataloging slo
Transcribing agency UKB
Description conventions AACR2
041 1# - LANGUAGE CODE
Language code of text/sound track or separate title slo
Language code of original nor
044 ## - COUNTRY OF PUBLISHING/PRODUCING ENTITY CODE
MARC country code xo
ISO country code SK
100 1# - MAIN ENTRY--PERSONAL NAME
Personal name Undsetová, Sigrid
245 10 - TITLE STATEMENT
Title Jar
250 ## - EDITION STATEMENT
Edition statement 1. vyd.
260 ## - PUBLICATION, DISTRIBUTION, ETC.
Place of publication, distribution, etc. Bratislava
Name of publisher, distributor, etc. Tatran
Date of publication, distribution, etc. 1973
300 ## - PHYSICAL DESCRIPTION
Extent 315 s.
942 ## - ADDED ENTRY ELEMENTS (KOHA)
Source of classification or shelving scheme Dewey Decimal Classification
Koha item type Krásna literatúra pre dospelých
Suppress in OPAC No
Holdings
Stav vyradenia Strata Poškodenie Spôsob nadobudnutia Domovská knižnica Aktuálna knižnica Dátum nadobudnutia Total checkouts Čiarový kód exemplára Date last seen Typ exemplára
      Dar Obecná knižnica Horná Štubňa Obecná knižnica Horná Štubňa 21.04.2026   4736202228 21.04.2026 Krásna literatúra pre dospelých
Projekt je podporený Slovenskou asociáciou knižníc
Prevádzkuje Turčianska knižnica Martin 2026